[Event "Ruhrgebiet Verbandsklasse Gruppe 3 1718"]
[Site "Germany"]
[Date "2018.02.25"]
[Round "7.8"]
[White "Haupt, Horst Peter"]
[Black "Schaede, Maximilian"]
[Result "0-1"]
[WhiteElo "1656"]
[BlackElo "1805"]
[PlyCount "42"]
[EventDate "2017.09.17"]
[EventType "team-tourn"]
[EventRounds "9"]
[EventCountry "GER"]
[SourceTitle "EXT 2022"]
[Source "ChessBase"]
[SourceDate "2021.10.06"]
[SourceVersion "1"]
[SourceVersionDate "2021.10.06"]
[SourceQuality "1"]
[WhiteTeam "Winz Baak SG"]
[BlackTeam "Brackel SF III"]
[WhiteTeamCountry "GER"]
[BlackTeamCountry "GER"]

1. e4 c5 2. Nf3 d6 3. b3 Nf6 4. d3 g6 5. Bb2 Bg7 6. Nbd2 0-0 7. Be2 Nc6 8. Rb1 a6 9. 0-0 b5 10. Re1 Qb6 11. Nf1 a5 12. Ne3 a4 13. Nd5 Nxd5 14. Bxg7 Kxg7 15. exd5 Nb4 16. Qc1 Nxd5 17. c4 Nc7 18. cxb5 axb3 19. Rxb3 Rxa2 20. Nd2 d5 21. Qb1 Rxd2 0-1

[Event "Ruhrgebiet Verbandsklasse Gruppe 3 1718"]
[Site "Germany"]
[Date "2018.01.14"]
[Round "5.8"]
[White "Haupt, Horst Peter"]
[Black "Furchtbar, Uwe"]
[Result "0-1"]
[WhiteElo "1656"]
[BlackElo "1788"]
[PlyCount "66"]
[EventDate "2017.09.17"]
[EventType "team-tourn"]
[EventRounds "9"]
[EventCountry "GER"]
[SourceTitle "EXT 2022"]
[Source "ChessBase"]
[SourceDate "2021.10.06"]
[SourceVersion "1"]
[SourceVersionDate "2021.10.06"]
[SourceQuality "1"]
[WhiteTeam "Winz Baak SG"]
[BlackTeam "Ruettenscheid Rochade"]
[WhiteTeamCountry "GER"]
[BlackTeamCountry "GER"]

1. e4 e5 2. Bc4 Nf6 3. d3 Bc5 4. Nf3 Nc6 5. c3 a6 6. Bg5 h6 7. Bh4 d6 8. b4 Ba7 9. Nbd2 Qe7 10. a4 Nd8 11. Ng1 Ne6 12. Ne2 g5 13. Bg3 Nf4 14. Bxf4 gxf4 15. h3 Be6 16. Bxe6 fxe6 17. Nf3 Rg8 18. Kf1 0-0-0 19. c4 d5 20. cxd5 exd5 21. Qc2 dxe4 22. dxe4 Qxb4 23. Nxe5 Qxe4 24. Qxe4 Nxe4 25. Nf7 Nxf2 26. Nxd8 Nxh1 27. Nf7 Ng3+ 28. Nxg3 fxg3 29. Nxh6 Rf8+ 30. Ke2 Rf2+ 31. Kd3 Rxg2 32. Ng4 Rb2 33. Kc3 g2 0-1